Stereochemie Grundbegriffe
Gespeichert in:
| 1. Verfasser: | |
|---|---|
| Format: | Buch |
| Sprache: | Deutsch |
| Veröffentlicht: |
Berlin
Springer-Verlag
2007
|
| Ausgabe: | 2.,erweiterte Aufl. |
| Schlagworte: | |
| Online-Zugang: | Im OPAC anzeigen |
| Tags: |
Keine Tags, Fügen Sie das erste Tag hinzu!
|
MARC
| LEADER | 00000nam a2200000 a 4500 | ||
|---|---|---|---|
| 005 | 20260127134108.0 | ||
| 008 | 090623 2007 gw 000 0 ger d | ||
| 020 | |a 9783540717072 | ||
| 035 | |a vtls009528973 | ||
| 039 | 9 | |y 200906231247 |z mschk03 | |
| 040 | |a STUSCHK1 |b slo |c STUSCHK1 |e AACR2 | ||
| 080 | |a 541.25 | ||
| 100 | 1 | |a Hellwich, Karl-Heinz | |
| 245 | 1 | |a Stereochemie Grundbegriffe |c Karl-Heinz Hellwich | |
| 250 | |a 2.,erweiterte Aufl. | ||
| 260 | |a Berlin |b Springer-Verlag |c 2007 | ||
| 300 | |a 120 s. | ||
| 650 | 0 | |a stereochemie | |
| 910 | |a SCHK95 | ||
| 919 | |a 978-3-71707-2 | ||
| 999 | |c 3942 |d 3942 | ||